[Event "Challenge"]
[Site "http://www.queenalice.com/game.php?id=122870"]
[Date "2006.10.29"]
[Round "-"]
[White "claudiocaire"]
[Black "Nayarinha"]
[Result "0-1"]
[WhiteElo "1502"]
[BlackElo "1084"]

1. c3 e5 2. Qb3 d5 3. Nf3 Nc6 4. d4 e4 5. Ng5 Nf6 6. c4 Bb4+ 7. Bd2 Bxd2+ 8.
Kxd2 dxc4 9. Qxc4 O-O 10. Nc3 Nxd4 11. Ke1 Nc2# 0-1

[Event "Challenge"]
[Site "http://www.queenalice.com/game.php?id=122871"]
[Date "2006.10.29"]
[Round "-"]
[White "claudiocaire"]
[Black "Nayarinha"]
[Result "1-0"]
[WhiteElo "1494"]
[BlackElo "1145"]

1. e4 e5 2. Qf3 Nf6 3. Bc4 d6 4. g4 Bxg4 5. Qg2 Nc6 6. h3 Bh5 7. Be2 Bg6 8. a4
Bxe4 9. Qh2 Bxh1 10. Qxh1 Be7 11. Qf3 O-O 12. Qg2 d5 13. d3 Nb4 14. Bh6 Nh5 15.
Bxh5 Bf6 16. Nf3 Nxc2+ 17. Kd2 Nxa1 18. Nxe5 Bxe5 19. f4 Nb3+ 20. Ke3 Bd4+ 21.
Ke2 Re8+ 22. Kf3 Qe7 23. f5 Be3 24. Qxg7# 1-0

[Event "Challenge"]
[Site "http://www.queenalice.com/game.php?id=124920"]
[Date "2006.11.3"]
[Round "-"]
[White "Anaa"]
[Black "Nayarinha"]
[Result "0-1"]
[WhiteElo "1084"]
[BlackElo "1143"]

1. e4 e5 2. h4 Nf6 3. f3 d6 4. c3 Be7 5. Bb5+ Nc6 6. Ba4 O-O 7. Rh3 Bxh3 8. gxh3
Nh5 9. f4 Bxh4+ 10. Kf1 Ng3+ 11. Kf2 Nxe4+ 12. Kf3 exf4 0-1

[Event "O DESAFIO, Minas Gerais x Floria"]
[Site "http://www.queenalice.com/game.php?id=129007"]
[Date "2006.11.13"]
[Round "-"]
[White "Nayarinha"]
[Black "ManofBlack"]
[Result "0-1"]
[WhiteElo "1206"]
[BlackElo "1507"]

1. e4 d5 2. Nc3 d4 3. Nb5 a6 4. Na3 Nf6 5. d3 Ng4 6. Nh3 e6 7. Be2 Bb4+ 8. Bd2
Qe7 9. Bxg4 h5 10. Bf3 Nc6 11. O-O Ne5 12. Bxb4 Qxb4 13. Rb1 f6 14. Nc4 Nxc4 15.
dxc4 Qxc4 16. Nf4 g6 17. Nxg6 Rh6 18. Bxh5 e5 19. Nxe5+ Ke7 20. Nxc4 b5 21. Bg4
Bb7 22. Na5 Bxe4 23. Bf3 Rah8 24. Bxe4 Rxh2 25. f3 Ke6 26. f4 R2h4 27. Qxd4 Rh1+
28. Kf2 R1h4 29. Qd5+ Ke7 30. Nc6+ Kf8 0-1

[Event "Challenge"]
[Site "http://www.queenalice.com/game.php?id=133426"]
[Date "2006.11.25"]
[Round "-"]
[White "Nayarinha"]
[Black "rafaelbdb"]
[Result "0-1"]
[WhiteElo "1202"]
[BlackElo "1458"]

1. e4 e5 2. Nf3 Nc6 3. Bc4 h6 4. O-O Nf6 5. d3 Bc5 6. c3 O-O 7. d4 exd4 8. cxd4
Be7 9. Nc3 d6 10. d5 Ne5 11. Nxe5 dxe5 12. Ne2 Nxe4 13. Nc3 Nxc3 14. bxc3 Bf5
15. Bd3 Bxd3 16. Qxd3 c6 17. c4 Bc5 18. Be3 Qd6 19. Bxc5 Qxc5 20. Rab1 Rab8 21.
a4 Rfd8 22. Ra1 cxd5 23. cxd5 Rxd5 24. Rac1 Qd6 25. Qc3 Rd8 26. g3 Rd3 27. Qb2
Rd7 28. Rc8+ Kh7 29. Qc2 e4 30. Re1 a5 31. Qc4 Rd1 32. Qxe4+ Qg6 33. Qxg6+ Kxg6
34. Rxd1 Rxd1+ 35. Kg2 f6 0-1

[Event "Challenge"]
[Site "http://www.queenalice.com/game.php?id=136458"]
[Date "2006.12.3"]
[Round "-"]
[White "claudiocaire"]
[Black "Nayarinha"]
[Result "1-0"]
[WhiteElo "1483"]
[BlackElo "1157"]

1. c3 e5 2. Nf3 Nc6 3. Qb3 d5 4. d4 exd4 5. cxd4 Be6 6. Qxb7 Nb4 7. Kd1 Nf6 8.
Bd2 Ne4 9. Bxb4 Bxb4 10. Kc2 Nxf2 11. Rg1 Bf5+ 12. Kc1 Bd6 13. Qb5+ Bd7 14. Qxd5
O-O 15. Ng5 Be6 16. Nxe6 fxe6 17. Qh5 Bf4+ 18. Kc2 Qxd4 19. Qa5 Qc4+ 20. Nc3
Rad8 21. e3 Bxe3 22. Bxc4 Rd2+ 23. Kb3 Rb8+ 24. Ka4 Rdxb2 25. Rab1 1-0

[Event "Challenge"]
[Site "http://www.queenalice.com/game.php?id=145323"]
[Date "2006.12.23"]
[Round "-"]
[White "Nayarinha"]
[Black "shiguer"]
[Result "0-1"]
[WhiteElo "1158"]
[BlackElo "1686"]

1. e4 e6 2. d4 c6 3. Nf3 Nf6 4. Nc3 Bb4 5. Bd2 Bxc3 6. Bxc3 Nxe4 7. Bd3 Nf6 8.
O-O a5 9. b4 a4 10. b5 Nd5 11. Bd2 h5 12. bxc6 bxc6 13. Ng5 f6 14. Bg6+ Ke7 15.
Nf7 Qf8 16. Nxh8 Qxh8 17. c4 Nb6 18. Bb4+ d6 19. c5 dxc5 20. Bxc5+ Kd7 21. Bxb6
Ba6 22. Re1 Qh6 23. Be8+ Kxe8 0-1

[Event "Challenge"]
[Site "http://www.queenalice.com/game.php?id=145741"]
[Date "2006.12.24"]
[Round "-"]
[White "Lucifer"]
[Black "Nayarinha"]
[Result "0-1"]
[WhiteElo "1218"]
[BlackElo "1156"]

1. e4 e5 2. Bc4 Nf6 3. Qf3 d6 4. h3 Be7 5. Be2 Nc6 6. c3 Be6 7. d3 Qd7 8. Qg3 g6
9. h4 O-O-O 10. a4 Kb8 11. a5 Nh5 12. Qe3 Nf4 13. Bf1 d5 14. g3 Nh5 15. b4 d4
16. cxd4 Nxd4 17. Na3 Bxb4+ 18. Bd2 Bxa3 19. Qg5 Nc2+ 20. Ke2 Nxa1 21. Qxe5
Qxd3+ 0-1

[Event "Challenge"]
[Site "http://www.queenalice.com/game.php?id=148717"]
[Date "2007.1.1"]
[Round "-"]
[White "vanderson"]
[Black "Nayarinha"]
[Result "1-0"]
[WhiteElo "1674"]
[BlackElo "1206"]

1. e4 e5 2. Nf3 Nc6 3. Bc4 Nf6 4. d3 d6 5. Ng5 d5 6. exd5 Nxd5 7. Qf3 Be6 8. Nc3
Bb4 9. Nxe6 fxe6 10. Bd2 Nd4 11. Qd1 Qd7 12. Nxd5 Bxd2+ 13. Qxd2 exd5 14. Bb3
Nxb3 15. cxb3 O-O-O 16. O-O Kb8 17. a4 e4 18. d4 Rhf8 19. b4 Qe6 20. b5 g6 21.
Qe3 h5 22. a5 Rg8 23. Qg3 g5 24. b6 axb6 25. axb6 Qxb6 26. b4 Qxb4 27. Rfb1 Qc3
28. Qxc3 1-0

[Event "Challenge"]
[Site "http://www.queenalice.com/game.php?id=163097"]
[Date "2007.2.3"]
[Round "-"]
[White "Marie"]
[Black "Nayarinha"]
[Result "1-0"]
[WhiteElo "1669"]
[BlackElo "1196"]

1. e4 e5 2. Nf3 Nc6 3. Bb5 a6 4. Bxc6 bxc6 5. d4 exd4 6. Qxd4 d6 7. b3 Nf6 8.
Nbd2 Be7 9. Bb2 c5 10. Qd3 O-O 11. O-O-O Bg4 12. h3 Bxf3 13. Nxf3 c6 14. Kb1 d5
15. Ne5 dxe4 16. Qxd8 Rfxd8 17. Nxc6 Rxd1+ 18. Rxd1 Kf8 19. Nxe7 Kxe7 20. Ba3
Ke6 21. Bxc5 Nd5 22. Bd4 Rd8 23. Re1 Kf5 24. g3 Nb4 25. Bxg7 Rc8 26. c4 Nd3 27.
Re2 a5 28. a4 Rb8 29. Kc2 Nb4+ 30. Kb2 1-0

[Event "Challenge"]
[Site "http://www.queenalice.com/game.php?id=165973"]
[Date "2007.2.9"]
[Round "-"]
[White "Macuei"]
[Black "Nayarinha"]
[Result "1-0"]
[WhiteElo "1907"]
[BlackElo "1202"]

1. e4 e5 2. Qh5 Nf6 3. Qxe5+ Be7 4. d3 O-O 5. Qg5 Nxe4 6. Qe3 Nf6 7. Be2 d5 8.
Nf3 Nc6 9. O-O Nb4 10. Bd1 b6 11. d4 Bd6 12. Ne5 Bxe5 13. dxe5 Re8 14. Qa3 Ng4
15. Qxb4 Nxe5 16. Bf4 Nc6 17. Qc3 Na5 18. Qg3 Qf6 19. Nc3 d4 20. Nd5 Qe6 21. Bf3
c6 22. Nc7 Qe7 23. Nxa8 Ba6 24. Bh6 g6 25. Nc7 Bxf1 26. Nxe8 Qxe8 27. Kxf1 c5
28. Re1 Qb5+ 29. Kg1 Qxb2 30. Re8# 1-0

[Event "Challenge"]
[Site "http://www.queenalice.com/game.php?id=166578"]
[Date "2007.2.10"]
[Round "-"]
[White "Nayarinha"]
[Black "marcosbratz"]
[Result "1-0"]
[WhiteElo "1172"]
[BlackElo "1541"]

1. e4 e5 2. Nf3 Nc6 3. Bc4 Bc5 4. O-O Nf6 5. d3 O-O 6. Bg5 h6 7. Bh4 d6 8. c3 a6
9. d4 exd4 10. cxd4 Ba7 11. Nc3 Qd7 12. Bxf6 gxf6 13. e5 fxe5 14. dxe5 dxe5 15.
Qxd7 Bxd7 16. Nd5 b5 17. Nxc7 Rac8 18. Nxa6 Nb8 19. Nxb8 Bxb8 20. Bd5 Bg4 21. b3
Bxf3 22. Bxf3 f6 23. a4 b4 24. a5 Rc3 25. Bd5+ Kg7 26. a6 Ba7 27. g3 Rd8 28. Be6
Rd2 29. Rfd1 Bxf2+ 30. Kh1 Re2 31. Rd7+ Kg6 32. Bf7+ Kg5 33. h4+ Kg4 34. Be6+ f5
35. Rg7+ Kf3 36. Bxf5 Rxb3 37. Bg4+ Ke3 38. Bxe2 Kxe2 39. a7 Bxa7 40. Raxa7 Rb1+
41. Kg2 b3 42. Rge7 Rc1 43. Rxe5+ Kd3 44. Rd7+ Kc2 45. Rc7+ Kb2 46. Rxc1 Kxc1
47. Kf3 b2 48. Rb5 b1=Q 49. Rxb1+ 1-0

[Event "Challenge"]
[Site "http://www.queenalice.com/game.php?id=166642"]
[Date "2007.2.10"]
[Round "-"]
[White "Nach"]
[Black "Nayarinha"]
[Result "1-0"]
[WhiteElo "1843"]
[BlackElo "1196"]

1. d4 d5 2. c4 dxc4 3. Nc3 e6 4. e3 Nf6 5. Bxc4 Bb4 6. Bd2 O-O 7. Nf3 Bxc3 8.
bxc3 Nc6 9. Qc2 Na5 10. Bd3 e5 11. dxe5 Ng4 12. h3 Nh6 13. Bxh7+ Kh8 14. Bd3 Be6
15. e4 Nc4 16. Bxh6 gxh6 17. Qe2 f6 18. Bxc4 Bxc4 19. Qxc4 c6 20. Nh4 Re8 21.
Qf7 Rg8 22. Ng6+ Rxg6 23. Qxg6 fxe5 24. Qxh6+ Kg8 25. Rd1 Qe7 26. Rd6 Kf7 27.
Qh7+ Kf8 28. Rg6 Qxh7 29. Rg4 Rd8 30. O-O b5 31. f4 Rd7 32. fxe5+ Ke7 33. Rf5
Ke6 34. Rgg5 Rd1+ 35. Kh2 Rd2 36. Rf6+ Ke7 37. Rgf5 c5 38. e6 Kd6 39. Rf7 Qg8
40. Rd7+ Kc6 41. Rxd2 Qxe6 42. Rdd5 Kb6 43. Rxc5 Qxe4 44. Rxb5+ Ka6 45. Ra5+ Kb7
46. a4 Qc4 47. Rab5+ Kc6 48. Rfc5+ Qxc5 49. Rxc5+ Kxc5 50. h4 a5 51. h5 1-0

[Event "Challenge"]
[Site "http://www.queenalice.com/game.php?id=166653"]
[Date "2007.2.10"]
[Round "-"]
[White "TheTruth"]
[Black "Nayarinha"]
[Result "0-1"]
[WhiteElo "994"]
[BlackElo "1200"]

1. e4 e5 2. d4 exd4 3. Qxd4 Nc6 4. Qd1 d6 5. c4 Nf6 6. Nc3 Be7 7. Nge2 O-O 8. b3
Nb4 9. Nd4 d5 10. cxd5 c6 11. a3 c5 12. Nf5 Bxf5 13. exf5 Nbxd5 14. Ne2 Qa5+ 15.
Bd2 Qc7 16. Nf4 Nxf4 17. Bxf4 Qxf4 18. Bd3 Ne4 19. Qf3 Qe5 20. O-O-O Qc3+ 21.
Bc2 Bg5+ 22. Kb1 Nd2+ 23. Rxd2 Bxd2 24. f6 g6 25. Qxb7 Rab8 26. Qxa7 Rxb3+ 27.
Bxb3 Qxb3+ 28. Ka1 Bc3# 0-1

[Event "leandrogtm"]
[Site "http://www.queenalice.com/game.php?id=172955"]
[Date "2007.2.23"]
[Round "-"]
[White "Nayarinha"]
[Black "Moondawg"]
[Result "0-1"]
[WhiteElo "1208"]
[BlackElo "1699"]

1. e4 e5 2. Nf3 Nc6 3. Bc4 h6 4. O-O Nf6 5. Nc3 d6 6. d4 exd4 7. Nxd4 Ne5 8.
Bb5+ c6 9. Be2 Be7 10. Nf5 Bxf5 11. exf5 Qd7 12. Ne4 Nxe4 13. Bg4 Nf6 14. h3 h5
15. Bg5 hxg4 0-1